000 00834cam a2200241 a 4500
001 14200607
005 20171226040510.0
008 051215s2007 nyua b 001 0 eng
010 _a 2005036681
020 _a0321364961 (pbk.)
020 _a1413019811
040 _aDLC
_cDLC
_dDLC
041 _aeng
080 _a808.042 FAI
082 0 0 _a808.042 FAI
_222
100 1 _a46
101 _aEDU
245 1 0 _aGood reasons with contemporary arguments :
_cLester Faigley, Jack Selzer.
504 _aIncludes bibliographical references and index.
906 _a7
_bcbc
_corignew
_d1
_eecip
_f20
_gy-gencatlg
942 _2ddc
_cBK
999 _c39375
_d39375